| 000 | 01150 a2200229 4500 | ||
|---|---|---|---|
| 003 | Nust | ||
| 005 | 20170207154025.0 | ||
| 010 | _a 00030838 | ||
| 020 | _a0766811603 | ||
| 040 | _cNust | ||
| 082 | 0 | 0 | _a621.39/5 |
| 100 | 1 | _aDueck, Robert K. | |
| 245 | 1 | 0 |
_aDigital design with CPLD applications and VHDL (E-Book) _cRobert K. Dueck. |
| 260 |
_aAlbany, NY : _bDelmar Pub., _c2001. |
||
| 300 |
_axv, 846 p. : _bill. ; _c28 cm. + _e1 computer laser optical disc (4 3/4 in.) |
||
| 505 | _aBasic Principles of Digital Systems, Logic Functions and Gates, Boolean algebra and Combinational Logic, Introduction to PLDs And MAX_PLUS II, Combinational Logic Functions, Digital Arithmetic and Arithmetic Circuits, Introduction to Sequential Logic, Introduction to Programmable Logic Architectures, Counters and Shift Registers, State Machine Design, Logic Gate Circuitry, Interfacing Analog and Digital Circuits, Memory Devices and Systems | ||
| 650 | 0 | _aLogic design. | |
| 650 | 0 | _aProgrammable array logic. | |
| 650 | 0 |
_aProgrammable logic devices _xDesign and construction. |
|
| 650 | 0 | _aVHDL (Computer hardware description language) | |
| 651 | _a(E-Book) | ||
| 942 |
_2ddc _cBK |
||
| 999 |
_c191845 _d191845 |
||